Computer networks (Record no. 167876)

000 -LEADER
fixed length control field 00332nam a2200133Ia 4500
008 - FIXED-LENGTH DATA ELEMENTS--GENERAL INFORMATION
fixed length control field 220217s9999||||xx |||||||||||||| ||und||
082 ## - DEWEY DECIMAL CLASSIFICATION NUMBER
Classification number 004.6 PAT
100 ## - MAIN ENTRY--PERSONAL NAME
Personal name Peterson,L Larry
9 (RLIN) 1975
245 #0 - TITLE STATEMENT
Title Computer networks
250 ## - EDITION STATEMENT
Edition statement 2nd
260 ## - PUBLICATION, DISTRIBUTION, ETC.
Place of publication, distribution, etc. Margon kaufman
Name of publisher, distributor, etc. Kanpur
Date of publication, distribution, etc. 2000
300 ## - PHYSICAL DESCRIPTION
Other physical details 0
650 ## - SUBJECT ADDED ENTRY--TOPICAL TERM
Topical term or geographic name entry element COMPUTER NETWORK
Holdings
Withdrawn status Lost status Damaged status Not for loan Collection code Home library Current library Shelving location Date acquired Full call number Barcode Date last seen Price effective from Koha item type
        Artificial Intelligence and Machine Learning Central Library Central Library Book Cart 02/18/2022 004.6 PAT 3065 02/18/2022 02/18/2022 Books

Powered by Koha